| 000 | 00996cab a2200289 4500 | ||
|---|---|---|---|
| 001 | WB3103-03 | ||
| 008 | 090401t1995 xxu||||| |||| 00| 0 eng d | ||
| 035 | _a(Sirsi) u70648 | ||
| 041 | _aeng | ||
| 245 | _aPanel repairs cheer sellers | ||
| 260 | _c1995 | ||
| 350 | _a0 | ||
| 490 |
_aNew Builder _v(241) 13 January 1995, 6(1) |
||
| 520 | _aElectro-chemical desalination processes developed for the arrest and repair of corrosion in reinforced concrete panel buildings, look set to encourage mortgage lenders to advance finance on hitherto blighted properties. | ||
| 650 | _aBLACKLISTING | ||
| 650 | _aBLIGHT | ||
| 650 | _aCHLORIDE CORROSION | ||
| 650 | _aMORTGAGE LENDING | ||
| 650 | _aPANEL BUILDING | ||
| 650 | _aBUILT ENVIRONMENT-BUILDING MAINTENANCE AND REFURBISHMENT | ||
| 650 | _aREINFORCED CONCRETE | ||
| 650 | _aSYSTEM BUILDING | ||
| 690 |
_aRefurbishment _96264 |
||
| 690 | _aBUILDING AND CONSTRUCTION-REPAIRS AND MAINTENANCE | ||
| 942 | _n0 | ||
| 948 | _c04/03/1997 | ||
| 999 |
_c44455 _d44455 |
||